000
00258nam a2200097Ia 4500
008
230907s9999||||xx |||||||||||||| ||und||
082
_a
540
_b
MAH
245
0
_a
Chemistry human activity, chemical reactivity /
260
_a
Nelson Education,
_c
2014
942
_c
BK
999
_c
599009
_d
599009